Normal view
MARC view
Entry Personal Name
001 - CONTROL NUMBER
- control field: 1236516
003 - CONTROL NUMBER IDENTIFIER
- control field: OSt
005 - DATE AND TIME OF LATEST TRANSACTION
- control field: 20260430150122.0
008 - FIXED-LENGTH DATA ELEMENTS
- fixed length control field: 260430|| aca||aabn | a|a d
040 ## - CATALOGING SOURCE
- Original cataloging agency: OSt
- Transcribing agency: OSt
100 ## - HEADING--PERSONAL NAME
- Personal name: Dinesh Kumar Au.; Aggarwal Rajiv Gu
670 ## - SOURCE DATA FOUND
- Source citation: Work cat.: (OSt)1848993: Dinesh Kumar Au.; Aggarwal Rajiv Gu., Restricted problem of 2+2 bodies with straight segment under the effect of oblateness, radiation pressure, coriolis and centrifugal forces, 2022
